000 00493nam a2200181Ia 4500
005 20250326141644.0
008 250326s9999 xx 000 0 und d
037 _aTextbook
040 _aFMSL
_beng
_cFMSL
041 _aeng
_2eng
084 _qFMSL
100 _aKotler P
245 0 _aMarketing for health care organisation
_cKotler P; Clarke R N
260 _aNew Jersy Prentice Hall
_bNew Jersy Prentice Hall
_c1987
300 _a545p
942 _cTB
999 _c1291336
_d1291336